000 00767cam a2200253 4500
001 3438
005 20181127171215.0
008 790321t19791978nyu b 001 0 eng
010 _a 79010497
020 _a0143027980
043 _aa------
_aaw-----
100 1 _aSaid, Edward W.
245 1 0 _aOrientalism /
_cEdward W. Said.
260 _aNew Delhi :
_bPenguin Books,
_c2001.
300 _a396 p. ;
_c21 cm.
504 _aIncludes bibliographical references and index.
650 0 _aEast and West.
650 0 _aImperialism.
650 0 _aOrientalism.
651 0 _aAsia
_xForeign public opinion, Occidental.
651 0 _aAsia
_xStudy and teaching.
651 0 _aMiddle East
_xForeign public opinion, Occidental.
651 0 _aMiddle East
_xStudy and teaching.
999 _c2784
_d2784